000 00751nam a22002177a 4500
003 AM-YEHGA
005 20250617164818.0
008 220405b ||||| |||| 00| 0 rus d
040 _aAM-YeHGA
041 0 _arus
100 1 _aДзеверин, Игорь Александрович.
245 1 0 _aПроблема сатиры в революционно-демократической эстетике /
_cИ. Дзеверин
260 _aКиев :
_bИзд-во АН УССР,
_c1962
300 _a239 с.
653 0 _aСатира
653 0 _aРусская литература, 19 в.
653 0 _aРусские революционные демократы
942 _2udc
_cBK
001 1827411
090 _c568414
999 _c529927
_d529927